Catálogo público

Reporte del viaje de estudios efectuado por el grupo 5 de segundo año, del 2 al 11 de julio a Cuautla y Chinameca, Estado de Morelos; Ciudad de Oaxaca, Santiago Matatlán, y Teotongo, Región de la Mixteca Alta, Oaxaca / (Record no. 106486)

MARC details
000 -CABECERA
campo de control de longitud fija 01124nam a2200301 a 4500
001 - NÚMERO DE CONTROL
campo de control 000110024
003 - IDENTIFICADOR DEL NÚMERO DE CONTROL
campo de control CHAP
005 - FECHA Y HORA DE LA ÚLTIMA TRANSACCIÓN
campo de control 20220329144115.0
008 - DATOS DE LONGITUD FIJA--INFORMACIÓN GENERAL
campo de control de longitud fija 140623s2012 mx a |r| |||0|||spa d
010 ## - NÚMERO DE CONTROL DE LA BIBLIOTECA DEL CONGRESO
Número de control de LC 106486
011 ## - ENLACE DEL NUMERO DE CONTROL DE LA BIBLIOTECA DEL CONGRESO [OBSOLETO]
Número de control de LC 107458
040 ## - FUENTE DE LA CATALOGACIÓN
Centro/agencia transcriptor CHAP
082 04 - NÚMERO DE LA CLASIFICACIÓN DECIMAL DEWEY
Número de clasificación 631.097249
Número de documento/Ítem R42
245 01 - MENCIÓN DE TÍTULO
Título Reporte del viaje de estudios efectuado por el grupo 5 de segundo año, del 2 al 11 de julio a Cuautla y Chinameca, Estado de Morelos; Ciudad de Oaxaca, Santiago Matatlán, y Teotongo, Región de la Mixteca Alta, Oaxaca /
Mención de responsabilidad, etc. coordinado por José Manuel Arceo Arceo y José Luis Meléndez Ibarra.
260 ## - PUBLICACIÓN, DISTRIBUCIÓN, ETC.
Lugar de publicación, distribución, etc. [Chapingo, Méx.] :
Nombre del editor, distribuidor, etc. [UACH ],
Fecha de publicación, distribución, etc. 2012.
300 ## - DESCRIPCIÓN FÍSICA
Extensión 131 p. :
Otras características físicas il.
590 ## - NOTA LOCAL (RLIN)
Nota local E5652GLJ
Procedencia (VM) [OBSOLETO] 05
Condición del los carretes individuales (VM) [OBSOLETO] 20140623
-- UCH01
-- 1219
590 ## - NOTA LOCAL (RLIN)
Nota local E5652GLJ
Procedencia (VM) [OBSOLETO] 05
Condición del los carretes individuales (VM) [OBSOLETO] 20140623
-- UCH01
-- 1422
650 14 - PUNTO DE ACCESO ADICIONAL DE MATERIA--TÉRMINO DE MATERIA
Término de materia o nombre geográfico como elemento de entrada Agricultura
Subdivisión general Morelos.
9 (RLIN) 1747
650 14 - PUNTO DE ACCESO ADICIONAL DE MATERIA--TÉRMINO DE MATERIA
Término de materia o nombre geográfico como elemento de entrada Agricultura
Subdivisión general Oaxaca.
9 (RLIN) 1756
650 14 - PUNTO DE ACCESO ADICIONAL DE MATERIA--TÉRMINO DE MATERIA
Término de materia o nombre geográfico como elemento de entrada Cultivos
Subdivisión general Variedades.
9 (RLIN) 30332
650 14 - PUNTO DE ACCESO ADICIONAL DE MATERIA--TÉRMINO DE MATERIA
Término de materia o nombre geográfico como elemento de entrada Viajes de estudio.
9 (RLIN) 119036
700 0# - PUNTO DE ACCESO ADICIONAL--NOMBRE DE PERSONA
Nombre de persona Arceo Arceo, José Manuel
Término indicativo de función/relación coord.
9 (RLIN) 6783
700 0# - PUNTO DE ACCESO ADICIONAL--NOMBRE DE PERSONA
Nombre de persona Meléndez Ibarra, José Luis
Término indicativo de función/relación coord.
9 (RLIN) 74412
901 ## - ELEMENTOS DE DATOS A LOCAL LDA (RLIN)
a BK
942 ## - ELEMENTOS DE PUNTO DE ACCESO ADICIONAL (KOHA)
Tipo de ítem Koha Libro
942 ## - ELEMENTOS DE PUNTO DE ACCESO ADICIONAL (KOHA)
Suprimir en OPAC 0
Holdings
Estado de retiro Estado de pérdida Fuente del sistema de clasificación o colocación Estado dañado Restricciones de uso No para préstamo Código de colección Localización permanente Ubicación/localización actual Ubicación en estantería Fecha de adquisición Información codificada de la localización en otra ubicación Total de préstamos Signatura topográfica completa Código de barras Fecha visto por última vez Número de copia Precio válido a partir de Tipo de ítem Koha
    Dewey Decimal Classification   Préstamo 15 días   General Biblioteca Central Biblioteca Central Planta principal - Colección General 23/06/2014 LIBRO   631.0997249 R42 33724002353545 31/12/2019 c.2 31/12/2019 Libro
    Dewey Decimal Classification   Préstamo 15 días   General Biblioteca Central Biblioteca Central Planta principal - Colección General 23/06/2014 LIBRO   631.0997249 R42 33724002353587 31/12/2019   31/12/2019 Libro